Language by Foreign Language Oscar Winner Quiz Stats

 Plays Quiz Updated Mar 1, 2016

Challenge
Share
Tweet
Embed
Score 0/16 Timer 04:00
0 Plays Today
% Correct
Russian
94.3%
French
93.3%
Persian
92.5%
German
90.8%
Japanese
90.6%
Italian
86.8%
Mandarin
83.4%
Spanish
60.5%
% Correct
Swedish
56.8%
Portuguese
53.1%
Dutch
50.8%
Czech
50.4%
Danish
48.5%
Bosnian
42.1%
Slovak
40.5%
Hungarian
36.3%

You're not logged in!

Compare scores with friends on all Sporcle quizzes.
Join for Free
OR
Log In

You Might Also Like...

Show Comments

Extras

Top Quizzes Today


Score Distribution

Your Account Isn't Verified!

In order to create a playlist on Sporcle, you need to verify the email address you used during registration. Go to your Sporcle Settings to finish the process.

Report this User

Report this user for behavior that violates our Community Guidelines.

Details: